000 002490000a22000970004500
090 _aAR
_b04429
245 1 0 _aNotes on neotropical Orchidaceae II
100 1 _aChristenson, Eric A.
_998303
942 _cARTICULO
773 1 _tLindleyana
_h1
_q12-26
_d1996
_g11
999 _c13527
_d13527